Incoterms 2000 = Những điều kiện thương mại quốc tế

Na minha lista:
Detalhes bibliográficos
Formato: Livro
Publicado em: Thống kê 1999
Tags: Adicionar Tag
Sem tags, seja o primeiro a adicionar uma tag!
Thư viện lưu trữ: Mạng thư viện Đại học Đà Nẵng
LEADER 00602nam a2200217 a 4500
001 000029866
003 1415
005 20171030145630.0
008 171030s1999
020 |c 28000 
040 |a LTT 
082 0 |a 382  |b Inc 
245 0 0 |a Incoterms 2000 = Những điều kiện thương mại quốc tế  |c Người dịch : Nguyễn Trọng Thuỷ ; Hiệu chỉnh: Lê Chí Thành. 
260 |b Thống kê  |c 1999 
OWN |a LTT 
999 |a From the UDN01 
TYP |a Monograph 
TYP |a Printed language 
980 |a Mạng thư viện Đại học Đà Nẵng